Último curso en torres de malor / (Registro nro. 8355)

Detalles MARC
000 -LIDER
fixed length control field 00790nam a22002777a 4500
001 - NÚMERO DE CONTROL
Identificador de número de control 0074
003 - IDENTIFICACDOR DE NÚMERO DE CONTROL
control field DO-SdBNP
005 - DATE AND TIME OF LATEST TRANSACTION
control field 20180213140454.0
007 - CAMPOS FIJOS DE DESCRIPCIÓN FÍSICA
fixed length control field 0074
008 - ELEMENTOS DE LONGITUD FIJA
fixed length control field 151009b 1981 sp || 00| 0 spa d
020 ## - ISBN
International Standard Book Number 8427230664
040 ## - FUENTE DE CATALOGACIÓN
Agencia que crea de manera original el registro BPMSU
Idioma de catalogación spa
Agencia que realiza la transcripción BPMSU
092 ## - LOCALLY ASSIGNED DEWEY DECIMAL CALL NUMBER
Número de clasificación xxxxxx
Número de ítem (Cutter) xxxxxx
100 ## - ASIENTO PRINCIPAL -- NOMBRE PERSONAL
Nombre personal Blyton, Enid
240 14 - TITULO UNIFORME
Título uniforme Last term at Malory towers /
245 ## - MENCIÓN DE TITULO
Título Último curso en torres de malor /
Mención de responsabilidad Enid Blyton ; traducción V. Murillo ; ilustración José María Bea
260 ## - PUBLICACIÓN, DISTRIBUCIÓN, ETC. (PIE DE IMPRENTA)
Lugar de publicación, distribución, etc Barcelona, España :
Nombre del editor, distribuidor, etc. Molino,
Fecha de publicación, distribución, etc 1981
300 ## - DESCRIPCIÓN FÍSICA
Extensión 176 p. :
Otros detalles físicos il.,
Dimensiones 20 cm.
490 10 - MENCIÓN DE SERIES
Mención de serie Aventura
Volume/sequential designation 66
700 10 - ASIENTO SECUNDARIO -- NOMBRE PERSONAL
Nombre personal Murillo, V.,
Mención de responsabilidad tr.
700 10 - ASIENTO SECUNDARIO -- NOMBRE PERSONAL
Nombre personal Bea, José María,
Mención de responsabilidad il.
830 #0 - ASIENTO SECUNDARIO DE SERIE--TÍTULO UNIFORME
Título uniforme Aventura
Número de la parte o sección de una obra 66
942 ## - ADDED ENTRY ELEMENTS (KOHA)
Source of classification or shelving scheme Dewey Decimal Classification
Koha item type Libros
945 ## - INFORMACIÓN DE PROCESAMIENTO LOCAL
Información de procesamiento local Inventariado, 2018/ YL
956 ## - LOCAL ELECTRONIC LOCATION AND ACCESS (OCLC)
Nombre de host BTAVAREZ
Número de acceso 10
Existencias
Withdrawn status Lost status Source of classification or shelving scheme Damaged status Not for loan Collection code Home library Current library Date acquired Source of acquisition Total Checkouts Barcode Date last seen Price effective from Koha item type
    Dewey Decimal Classification     Colección Juvenil General Biblioteca Pública Metropolitana Salomé Ureña Biblioteca Pública Metropolitana Salomé Ureña 10/09/2015 Donación   BPMSU15100077 10/09/2015 10/09/2015 Libros